Most expensive football transfers - Born in 1988 - Statistics

General Stats
  • This quiz has been taken 25 times
  • The average score is 9 of 10
Answer Stats
Fee (M €) Season Nationality Left Joined Player % Correct
75,00 2014-2015 Argentina Real Madrid Manchester United Ángel Di María
100%
35,00 2015-2016 Argentina Manchester United Paris SG Ángel Di María
100%
42,50 2014-2015 Chile Barcelona Arsenal Alexis Sánchez
96%
47,00 2013-2014 Germany Real Madrid Arsenal Mesut Özil
92%
45,00 2022-2023 Poland Bayern Munich Barcelona Robert Lewandowski
92%
30,00 2017-2018 Brazil / Spain Chelsea Atlético Madrid Diego Costa
88%
44,73 2013-2014 Spain Chelsea Manchester United Juan Mata
83%
44,70 2017-2018 Serbia Chelsea Manchester United Nemanja Matic
83%
44,50 2015-2016 Argentina Valencia Manchester City Nicolás Otamendi
79%
42,00 2015-2019 Brazil Barcelona Ghangzhou Evergrande Paulinho
63%
No matching quizzes found
Score Distribution
Percent of People with Each Score
Percentile by Number Answered
Your Score History
You have not taken this quiz